=LDR 00000nam 2200000 4500 =001 INLIS000000000013738 =005 20130612105101 =008 ***********************************Ind** =035 ##$$0010-061300000013738 =041 ##$$a Ind =082 ##$$a R.351.720 26 =090 ##$$a R.351.720 26, Ind u =300 ##$$a 597 hlm, 21 cm =650 ##$$a Anggaran pendapatan dan belanja negara - Undang-undang dan peraturan =850 ##$$a NBPNMAT